00325nam a22001097a 4500082002500000100001900025245005100044260004200095300003300137526003700170650000800207 a621.3bMONcL-9, P-4 aMonk, S.Grodon aClassified examples in electrical Engineering. aLondonbSir Issac Pitman & Sons, Ltd. aviii, 205 p. :bill. :c4 Cm a0b0c0d621_300000000000000_MON aMCE